Enemies of the USA - Statistics

General Stats
  • This quiz has been taken 579 times
  • The average score is 12 of 15
Answer Stats
Hint Answer % Correct
Largest country in the world Russia
100%
Peoples Republic China
97%
Authoritarian Dictatorship North Korea
94%
Theocratic state Iran
92%
War here in 1991 and 2003 Iraq
92%
Caribbean Country Cuba
91%
Occupied by the USSR Afghanistan
81%
Stalinist State Belarus
81%
Desert country Syria
75%
Arabian State Yemen
75%
Former USSR State Kazakhstan
72%
Absolute Monarchy Saudi Arabia
72%
Technically not a country Palestine
66%
War here in the twentieth century Vietnam
61%
Former USSR State Turkmenistan
58%
No matching quizzes found
Score Distribution
Percent of People with Each Score
Percentile by Number Answered
Your Score History
You have not taken this quiz